Central Library OPAC University of Rajshahi

পূর্ব বাঙলার উপন্যাস / (Record no. 38090)

MARC details
000 -LEADER
fixed length control field 00884nam a2200241ua 4500
001 - CONTROL NUMBER
control field 38090
003 - CONTROL NUMBER IDENTIFIER
rucl marc code BD-RjUL
005 - DATE AND TIME OF LATEST TRANSACTION
control field 20211209052725.0
008 - FIXED-LENGTH DATA ELEMENTS--GENERAL INFORMATION
fixed length control field 150908s1974 bg 000 0 beno
035 ## - SYSTEM CONTROL NUMBER
System control number (BD-RjUL)38195
040 ## - CATALOGING SOURCE
Original cataloging agency DLC
Transcribing agency CarP
Modifying agency DLC
-- BD-RjUL
Language of cataloging eng
041 ## - LANGUAGE CODE
Language code of text/sound track or separate title eng
082 ## - DEWEY DECIMAL CLASSIFICATION NUMBER
Classification number 891.44309
Author mark and year MUP 1974
100 ## - MAIN ENTRY--PERSONAL NAME
Personal name মুসা, মনসুর
9 (RLIN) 117913
245 10 - TITLE STATEMENT
Title পূর্ব বাঙলার উপন্যাস /
Statement of responsibility, etc. মনসুর মুসা
260 ## - PUBLICATION, DISTRIBUTION, ETC. (IMPRINT)
Date of publication, distribution, etc. ঢাকা :
Place of publication, distribution, etc. মাওলা ব্রাদার্স,
Name of publisher, distributor, etc. ১৯৭৪
300 ## - PHYSICAL DESCRIPTION
Pagination [১০], ১৬০ পৃ. ;
Size ২২ সেমি.
500 ## - GENERAL NOTE
General note Romanized.
650 #0 - SUBJECT ADDED ENTRY--TOPICAL TERM
Topical term or geographic name as entry element বাংলা উপন্যাস
General subdivision ইতিহাস ও সমালোচনা
9 (RLIN) 117914
Topical term or geographic name as entry element Bengali fiction
General subdivision History and criticism.
9 (RLIN) 117915
942 ## - ADDED ENTRY ELEMENTS (KOHA)
Source of classification or shelving scheme Dewey Decimal Classification
Koha item type Books
Holdings
Lost status Source of classification or shelving scheme Damaged status Not for loan Collection code Permanent Location Current Location Shelving location Date acquired Source of acquisition Cost, normal purchase price Total Checkouts Full call number Date last seen Date checked out Copy number Koha item type
  Dewey Decimal Classification     Fiction Central Library, University of Rajshahi Central Library, University of Rajshahi   23/02/1976 মাওলা ব্রাদার্স, ঢাকা 10.00 3 B 891.44309 MUP 1974 29/03/2026 26/02/2026 C-2 Books
  Dewey Decimal Classification     Fiction Central Library, University of Rajshahi Central Library, University of Rajshahi   23/02/1976 Maola bradras, Dhaka 10.00 4 B 891.44309 MUP 1974 27/04/2026 20/04/2026 C-3 Books
  Dewey Decimal Classification   Not For Loan Fiction Central Library, University of Rajshahi Central Library, University of Rajshahi Reading Room 23/02/1976 Maola Brothers 10.00   B 891.44309 MUP 1974 16/02/2017   C-1 Books